Online katalóg knižníc regiónu Turca

Moskovský charakter (Record no. 20964)

MARC details
000 -LEADER
fixed length control field 01819nam a2200505 a 4500
001 - CONTROL NUMBER
control field 20964
003 - CONTROL NUMBER IDENTIFIER
control field VRT
005 - DATE AND TIME OF LATEST TRANSACTION
control field 20260207123341.0
008 - FIXED-LENGTH DATA ELEMENTS--GENERAL INFORMATION
fixed length control field 230403s1950 xo e 000 d slo
015 ## - NATIONAL BIBLIOGRAPHY NUMBER
National bibliography number SKSNBA19451955-011120
020 ## - INTERNATIONAL STANDARD BOOK NUMBER
Qualifying information (brož.)
035 ## - SYSTEM CONTROL NUMBER
System control number SK01SNKBKSFS20020089710
035 ## - SYSTEM CONTROL NUMBER
System control number urn:nbn:sk:snk-am3i66m
035 ## - SYSTEM CONTROL NUMBER
System control number F6D5A8C6-9372-4CC4-887F-56F00C2AD377
035 ## - SYSTEM CONTROL NUMBER
System control number urn:nbn:sk:snk-am00dlhk
035 ## - SYSTEM CONTROL NUMBER
System control number SKM000092173
039 #9 - LEVEL OF BIBLIOGRAPHIC CONTROL AND CODING DETAIL [OBSOLETE]
Level of rules in bibliographic description 202304032100
Level of effort used to assign nonsubject heading access points VLOAD
Level of effort used to assign subject headings 202212050958
Level of effort used to assign classification VLOAD
Level of effort used to assign subject headings 202205120835
Level of effort used to assign classification VLOAD
Level of effort used to assign subject headings 202102111755
Level of effort used to assign classification msvkbb04
040 ## - CATALOGING SOURCE
Original cataloging agency SNK
Language of cataloging slo
Transcribing agency SNK
Description conventions AACR2
041 1# - LANGUAGE CODE
Language code of text/sound track or separate title slo
Language code of original rus
044 ## - COUNTRY OF PUBLISHING/PRODUCING ENTITY CODE
MARC country code xo
ISO country code SK
072 #7 - SUBJECT CATEGORY CODE
Subject category code 821.161.1
Subject category code subdivision Ruská literatúra
Source konspekt
080 ## - UNIVERSAL DECIMAL CLASSIFICATION NUMBER
Universal Decimal Classification number 821.161.1-2
Edition identifier 2011
100 1# - MAIN ENTRY--PERSONAL NAME
Personal name Sofronov, Anatolij Vladimirovič,
Dates associated with a name 1911-1990
Relationship aut
240 10 - UNIFORM TITLE
Uniform title Moskovskij charakter
Language of a work Slovensky
245 10 - TITLE STATEMENT
Title Moskovský charakter
Remainder of title hra v štyroch dejstvách, siedmich obrazoch
Statement of responsibility, etc. A. Sofronov ; preložil K. Podolinský
250 ## - EDITION STATEMENT
Edition statement 1. vyd.
260 ## - PUBLICATION, DISTRIBUTION, ETC.
Place of publication, distribution, etc. Turčiansky Sv. Martin
Name of publisher, distributor, etc. Matica slovenská
Date of publication, distribution, etc. 1950
300 ## - PHYSICAL DESCRIPTION
Extent 122 s.
Dimensions 18 cm
366 ## - TRADE AVAILABILITY INFORMATION
Note 30000 výt.
490 1# - SERIES STATEMENT
Series statement Prekladová divadelná knižnica
Volume/sequential designation sv. 4
500 ## - GENERAL NOTE
General note Preložené z ruštiny
655 #7 - INDEX TERM--GENRE/FORM
Genre/form data or focus term ruská dráma
Source of term SNKPH
655 #7 - INDEX TERM--GENRE/FORM
Genre/form data or focus term Russian drama
Source of term SNKPHeng
700 1# - ADDED ENTRY--PERSONAL NAME
Personal name Podolinský, Karol,
Dates associated with a name 1903-1998
Relationship trl
830 #0 - SERIES ADDED ENTRY--UNIFORM TITLE
Uniform title Prekladová divadelná knižnica
910 ## - USER-OPTION DATA (OCLC)
User-option data snk
942 ## - ADDED ENTRY ELEMENTS (KOHA)
Source of classification or shelving scheme Dewey Decimal Classification
Koha item type Krásna literatúra pre dospelých
Suppress in OPAC No
949 ## - LOCAL PROCESSING INFORMATION (OCLC)
6 17A0662605
a snkSD 6934/4 D2
b snkD 233/63
949 ## - LOCAL PROCESSING INFORMATION (OCLC)
6 17A0662604
a snkSD 6934/4 D1
b snkF 5341/62
949 ## - LOCAL PROCESSING INFORMATION (OCLC)
6 17A0662652
a snkSD 6934/4 D3
b snkF 7405/63
949 ## - LOCAL PROCESSING INFORMATION (OCLC)
6 270001000614027
a svkbbS 46345
b svkbbm 8522
949 ## - LOCAL PROCESSING INFORMATION (OCLC)
6 2889178429
a savukM 9890
949 ## - LOCAL PROCESSING INFORMATION (OCLC)
6 17A0912082
a snkSD 6934/4
b snk5181/50
o VIII. 3245/50
s 6100:20190903
Holdings
Stav vyradenia Strata Poškodenie Spôsob nadobudnutia Domovská knižnica Aktuálna knižnica Dátum nadobudnutia Total checkouts Čiarový kód exemplára Date last seen Typ exemplára Verejná poznámka
      Dar Obecná knižnica Horná Štubňa Obecná knižnica Horná Štubňa 07.02.2026   4736201135 07.02.2026 Krásna literatúra pre dospelých divadelná hra
Projekt je podporený Slovenskou asociáciou knižníc
Prevádzkuje Turčianska knižnica Martin 2026